[Event "Portuguese Masters"]
[Site "Lisbon"]
[Date "2016.06.08"]
[Round "5"]
[White "Diogo, Vasco Andre Marcalo"]
[Black "Sousa, Andre Ventura"]
[Result "0-1"]
[WhiteElo "2266"]
[BlackElo "2396"]
[PlyCount "138"]
[EventDate "2016.06.05"]
[EventType "tourn"]
[EventRounds "9"]
[EventCountry "POR"]
[EventCategory "3"]
[SourceTitle "CBM 172 Extra"]
[Source "ChessBase"]
[SourceDate "2016.06.21"]
[SourceVersion "1"]
[SourceVersionDate "2016.06.21"]
[SourceQuality "1"]

1. e4 e5 2. Nf3 Nc6 3. d4 exd4 4. Nxd4 Qf6 5. Nb3 Qg6 6. f3 Be7 7. Nc3 Nf6 8. Bf4 Nh5 9. Be3 a5 10. a3 a4 11. Nd4 b6 12. Nd5 Nxd4 13. Qxd4 Qd6 14. 0-0-0 Bb7 15. g4 Bxd5 16. gxh5 Bc6 17. Qxg7 Qf6 18. Qxf6 Bxf6 19. Rg1 Ra5 20. h6 Rh5 21. Rd2 Ke7 22. Bc4 b5 23. Bd3 Rh3 24. Rg3 Rh4 25. Bf1 d6 26. c3 Re8 27. c4 bxc4 28. Bxc4 Rb8 29. Rc2 Rh5 30. Bf1 Bd7 31. f4 c6 32. f5 Be5 33. Rh3 Rxh3 34. Bxh3 Rb3 35. Re2 Kf6 36. Bf1 Bxb2+ 37. Kc2 Be5 38. h4 Ke7 39. Bg5+ f6 40. Bc1 Rc3+ 41. Kd1 Rd3+ 42. Rd2 Rxd2+ 43. Bxd2 Bb2 44. Bc4 Kf8 45. Bc1 Be5 46. Kc2 d5 47. Bd3 Ke7 48. exd5 cxd5 49. Bd2 Bd6 50. Kb2 Bc5 51. Bf4 Bd4+ 52. Kc2 Bf2 53. h5 Bd4 54. Kb1 Be8 55. Be2 Be5 56. Bd2 Bd7 57. Bd3 d4 58. Be4 Bb5 59. Bc2 d3 60. Bd1 Kd6 61. Bf3 Kc5 62. Bb7 Bd7 63. Bb4+ Kd4 64. Bd2 Bxf5 65. Bc6 Be4 66. Bxa4 f5 67. Kc1 f4 68. Kd1 f3 69. Ke1 Bg3+ 0-1

[Event "Portuguese Masters"]
[Site "Lisbon"]
[Date "2016.06.06"]
[Round "3"]
[White "Diogo, Vasco Andre Marcalo"]
[Black "Padeiro, Jose Joao Tato"]
[Result "1/2-1/2"]
[WhiteElo "2266"]
[BlackElo "2317"]
[PlyCount "82"]
[EventDate "2016.06.05"]
[EventType "tourn"]
[EventRounds "9"]
[EventCountry "POR"]
[EventCategory "3"]
[SourceTitle "CBM 172 Extra"]
[Source "ChessBase"]
[SourceDate "2016.06.21"]
[SourceVersion "1"]
[SourceVersionDate "2016.06.21"]
[SourceQuality "1"]

1. d4 d5 2. c4 c6 3. Nc3 Nf6 4. Nf3 a6 5. c5 Bf5 6. Qb3 Qc8 7. Bf4 Nbd7 8. h3 e6 9. e3 Be7 10. Be2 0-0 11. 0-0 Bd8 12. Rac1 Bc7 13. Na4 Bg6 14. Ne5 Nxe5 15. Bxe5 Nd7 16. Nb6 Bxb6 17. cxb6 Nxe5 18. dxe5 f6 19. f4 fxe5 20. fxe5 Rxf1+ 21. Rxf1 c5 22. Bg4 Qc6 23. a4 h5 24. Be2 c4 25. Qb4 Re8 26. a5 Qd7 27. Rf4 Qe7 28. Qc3 Rf8 29. Rxf8+ Qxf8 30. Bf3 Qc5 31. b4 Qc6 32. Bd1 Kf8 33. Kf2 Kg8 34. Kg3 Qe8 35. Qd4 Be4 36. Bf3 Qg6+ 37. Kf2 Qf5 38. b5 Bxf3 39. gxf3 Qc2+ 40. Kg3 Qg6+ 41. Kf2 Qc2+ 1/2-1/2

[Event "Portuguese Masters"]
[Site "Lisbon"]
[Date "2016.06.05"]
[Round "1"]
[White "Damaso, Rui"]
[Black "Diogo, Vasco Andre Marcalo"]
[Result "1-0"]
[WhiteElo "2445"]
[BlackElo "2266"]
[PlyCount "75"]
[EventDate "2016.06.05"]
[EventType "tourn"]
[EventRounds "9"]
[EventCountry "POR"]
[EventCategory "3"]
[SourceTitle "CBM 172 Extra"]
[Source "ChessBase"]
[SourceDate "2016.06.21"]
[SourceVersion "1"]
[SourceVersionDate "2016.06.21"]
[SourceQuality "1"]

1. Nf3 d5 2. g3 c6 3. Bg2 Nf6 4. 0-0 g6 5. d3 Bg7 6. Nbd2 0-0 7. e4 dxe4 8. dxe4 Na6 9. Qe2 Qc7 10. Nc4 Nd7 11. a4 Nac5 12. a5 Rb8 13. e5 Ne6 14. c3 b5 15. axb6 axb6 16. Nd4 Nxd4 17. cxd4 e6 18. Bg5 c5 19. Be7 cxd4 20. Bd6 Qd8 21. Rfd1 Bb7 22. Bxb7 Rxb7 23. Qe4 Rc7 24. Rxd4 Re8 25. Bxc7 Qxc7 26. f4 Nc5 27. Qf3 Bf8 28. Nd6 Rd8 29. Rad1 Qb8 30. Kg2 Rd7 31. b4 Na6 32. h4 Nc7 33. Qc6 Re7 34. Ra1 Nd5 35. Ra8 Qc7 36. b5 Rd7 37. Rxd5 exd5 38. Ne8 1-0

[Event "POR Cup 38th"]
[Site "Portugal"]
[Date "2016.05.01"]
[Round "4.4"]
[White "Diogo, Vasco Andre Marcalo"]
[Black "Dias, Paulo Jorge Guimara"]
[Result "1-0"]
[WhiteElo "2217"]
[BlackElo "2375"]
[PlyCount "97"]
[EventDate "2016.02.20"]
[EventType "team-k.o."]
[EventRounds "6"]
[EventCountry "POR"]
[SourceTitle "EXT 2017"]
[Source "ChessBase"]
[SourceDate "2016.10.25"]
[SourceVersion "1"]
[SourceVersionDate "2016.10.25"]
[SourceQuality "1"]
[WhiteTeam "Coimbra"]
[BlackTeam "Portugal Sporting"]
[WhiteTeamCountry "POR"]
[BlackTeamCountry "POR"]

1. e4 e5 2. Nf3 Nc6 3. Bc4 Nf6 4. d3 h6 5. 0-0 d6 6. c3 g6 7. Re1 Bg7 8. Nbd2 0-0 9. Bb3 Na5 10. Bc2 c5 11. Nf1 Qc7 12. Ne3 b5 13. a3 Be6 14. b4 Nc6 15. Bb3 a6 16. Rb1 c4 17. dxc4 Nxe4 18. Bb2 bxc4 19. Nxc4 Nf6 20. Ne3 e4 21. Nd4 Nxd4 22. cxd4 d5 23. Rc1 Qd7 24. Rc5 Rfc8 25. Qa1 Bf8 26. Rd1 a5 27. bxa5 Rab8 28. Ba2 Qb7 29. Bc3 Bxc5 30. dxc5 Ne8 31. Bb4 Rd8 32. Qd4 Nc7 33. Bc3 Kf8 34. Qg7+ Ke7 35. Bf6+ Kd7 36. Bxd8 Rxd8 37. Nc4 Ne8 38. Qxh6 Ke7 39. Qh4+ Nf6 40. Nb6 Qa6 41. Qg3 Qe2 42. Bb3 d4 43. Qc7+ Nd7 44. Qd6+ Ke8 45. Ba4 d3 46. h3 e3 47. fxe3 Bxh3 48. Qe5+ Be6 49. Nxd7 1-0

[Event "Coimbra Queima das Fitas op"]
[Site "Coimbra"]
[Date "2016.04.25"]
[Round "6"]
[White "Diogo, Vasco Andre Marcalo"]
[Black "Ibarra Jerez, Jose Carlos"]
[Result "0-1"]
[WhiteElo "2217"]
[BlackElo "2561"]
[PlyCount "68"]
[EventDate "2016.04.22"]
[EventType "swiss"]
[EventRounds "7"]
[EventCountry "POR"]
[SourceTitle "CBM 172 Extra"]
[Source "ChessBase"]
[SourceDate "2016.06.21"]
[SourceVersion "1"]
[SourceVersionDate "2016.06.21"]
[SourceQuality "1"]

1. e4 e5 2. Nf3 d6 3. Bc4 Be7 4. 0-0 Nf6 5. d3 0-0 6. Re1 c6 7. Nbd2 b5 8. Bb3 Nbd7 9. d4 Bb7 10. c3 h6 11. Nf1 Re8 12. Ng3 Bf8 13. Nf5 exd4 14. N3xd4 Nc5 15. Bc2 Ncd7 16. Bf4 Ne5 17. Qd2 Nc4 18. Qd3 Ne5 19. Qh3 Bc8 20. Rad1 Bd7 21. Bb3 c5 22. Bxe5 Rxe5 23. Qg3 Kh8 24. Nf3 Rxe4 25. Nxd6 Rxe1+ 26. Rxe1 Bxd6 27. Qxd6 c4 28. Bc2 Bg4 29. Ne5 Bh5 30. Qc5 Qd2 31. Rf1 Qxc2 32. Qxb5 Rd8 33. Nxc4 Be2 34. Qa5 Rd1 0-1

[Event "Coimbra Queima das Fitas op"]
[Site "Coimbra"]
[Date "2016.04.24"]
[Round "5"]
[White "Campora, Daniel Hugo"]
[Black "Diogo, Vasco Andre Marcalo"]
[Result "0-1"]
[WhiteElo "2449"]
[BlackElo "2217"]
[PlyCount "134"]
[EventDate "2016.04.22"]
[EventType "swiss"]
[EventRounds "7"]
[EventCountry "POR"]
[SourceTitle "CBM 172 Extra"]
[Source "ChessBase"]
[SourceDate "2016.06.21"]
[SourceVersion "1"]
[SourceVersionDate "2016.06.21"]
[SourceQuality "1"]

1. e4 c5 2. Nf3 d6 3. Bb5+ Bd7 4. Bxd7+ Qxd7 5. 0-0 Nc6 6. Re1 Nf6 7. b3 g6 8. Bb2 Bg7 9. d4 Nh5 10. Qd2 0-0 11. c4 Qg4 12. h3 Qf4 13. Qd1 cxd4 14. Na3 Qf6 15. Nb5 e5 16. Nc7 Rac8 17. Nd5 Qd8 18. Bc1 h6 19. g4 Nf6 20. g5 Nxd5 21. cxd5 Nb4 22. gxh6 Bf6 23. Rf1 Qd7 24. Kg2 Rc3 25. Bd2 Nd3 26. Ng1 Nf4+ 27. Bxf4 exf4 28. Qg4 Qe7 29. Qxf4 Bg5 30. Qg4 Bxh6 31. Ne2 Rc7 32. Nxd4 Kh7 33. Rae1 Qf6 34. Nf3 Re8 35. Re2 Kg7 36. Nh4 Bg5 37. Nf3 Bh6 38. Rfe1 Rce7 39. h4 Bf4 40. Ng5 Re5 41. Nh3 Bh6 42. f4 Rh5 43. Ng5 Bxg5 44. fxg5 Qe5 45. Rf2 Re7 46. Ref1 Kg8 47. Rf4 Rh7 48. R1f2 Rc7 49. R4f3 Rg7 50. Qf4 Qe7 51. Re2 Qd7 52. e5 dxe5 53. Qxe5 Kh7 54. Rf4 Rc1 55. Rd4 Rc3 56. Re3 Rc2+ 57. Kg3 Qb5 58. Qf4 Rxa2 59. d6 Qc6 60. Qe4 Qc1 61. d7 Qg1+ 62. Kf4 Rf2+ 63. Ke5 Qh2+ 64. Kd5 Qc7 65. Qg4 f5 66. gxf6 Rxd7+ 67. Ke6 Qc6+ 0-1

[Event "Coimbra Queima das Fitas op"]
[Site "Coimbra"]
[Date "2016.04.24"]
[Round "4"]
[White "Dias, Ricardo Pedro Cruz"]
[Black "Diogo, Vasco Andre Marcalo"]
[Result "0-1"]
[WhiteElo "1933"]
[BlackElo "2217"]
[PlyCount "48"]
[EventDate "2016.04.22"]
[EventType "swiss"]
[EventRounds "7"]
[EventCountry "POR"]
[SourceTitle "CBM 172 Extra"]
[Source "ChessBase"]
[SourceDate "2016.06.21"]
[SourceVersion "1"]
[SourceVersionDate "2016.06.21"]
[SourceQuality "1"]

1. e4 d5 2. exd5 Nf6 3. Nf3 Qxd5 4. d4 Bg4 5. Be2 Nc6 6. 0-0 0-0-0 7. Be3 Qh5 8. h3 e5 9. Nbd2 Bd6 10. Re1 exd4 11. Nxd4 Nxd4 12. Bxd4 Bxe2 13. Qxe2 Qg6 14. Qc4 Nd5 15. Be3 Rhe8 16. Rad1 Nxe3 17. Rxe3 Rxe3 18. fxe3 Be5 19. b3 Rd6 20. a4 Qg3 21. Qe2 Qh2+ 22. Kf1 Rf6+ 23. Nf3 Bg3 24. Qb5 Rxf3+ 0-1

[Event "Coimbra Queima das Fitas op"]
[Site "Coimbra"]
[Date "2016.04.23"]
[Round "3"]
[White "Diogo, Vasco Andre Marcalo"]
[Black "Fernandes, Miguel A Murtinho"]
[Result "1-0"]
[WhiteElo "2217"]
[BlackElo "1939"]
[PlyCount "117"]
[EventDate "2016.04.22"]
[EventType "swiss"]
[EventRounds "7"]
[EventCountry "POR"]
[SourceTitle "CBM 172 Extra"]
[Source "ChessBase"]
[SourceDate "2016.06.21"]
[SourceVersion "1"]
[SourceVersionDate "2016.06.21"]
[SourceQuality "1"]

1. e4 d5 2. exd5 Qxd5 3. Nc3 Qd6 4. d4 Nf6 5. Nb5 Qb6 6. c4 c6 7. Nc3 g6 8. Nf3 Bg7 9. h3 0-0 10. Be2 Rd8 11. 0-0 e5 12. Na4 Qc7 13. Nxe5 Nh5 14. Nf3 Nf4 15. Be3 Bf5 16. Re1 Na6 17. Qd2 Nxe2+ 18. Rxe2 Qd7 19. Nc3 Nb4 20. Bg5 f6 21. Bf4 Bd3 22. a3 Bxe2 23. Qxe2 Na6 24. Rd1 Qf5 25. Bg3 Re8 26. Qd2 Rad8 27. d5 cxd5 28. Nxd5 Nc5 29. Ne7+ Kf7 30. Nxf5 Rxd2 31. Rxd2 gxf5 32. b4 Ne6 33. Rd7+ Re7 34. Rxe7+ Kxe7 35. Bb8 a6 36. Nh4 Nd4 37. Ba7 Nc2 38. Nxf5+ Kf7 39. Nd6+ Ke6 40. Nxb7 Nxa3 41. Nc5+ Kd6 42. Nxa6 Nxc4 43. b5 f5 44. Kf1 Bc3 45. Ke2 Ba5 46. Nc5 Bb6 47. Bxb6 Nxb6 48. Nd3 Nd5 49. Kf3 Kc7 50. Nf4 Ne7 51. Ne2 Kb6 52. Kf4 Kxb5 53. Nd4+ Kc5 54. Nxf5 Ng6+ 55. Ke4 Kc6 56. h4 Kd7 57. h5 Nf8 58. Ke5 Ke8 59. Ke4 1-0

[Event "POR-ch"]
[Site "Lisbon"]
[Date "2015.09.18"]
[Round "8"]
[White "Diogo, Vasco Andre Marcalo"]
[Black "Ferreira, Jorge Viterbo"]
[Result "0-1"]
[WhiteElo "2230"]
[BlackElo "2468"]
[PlyCount "80"]
[EventDate "2015.09.13"]
[EventType "tourn"]
[EventRounds "9"]
[EventCountry "POR"]
[EventCategory "4"]
[SourceTitle "EXT 2016"]
[Source "ChessBase"]
[SourceDate "2015.10.08"]
[SourceVersion "1"]
[SourceVersionDate "2015.10.08"]
[SourceQuality "1"]

1. e4 c6 2. d4 d5 3. e5 Bf5 4. Ne2 e6 5. Ng3 Bg6 6. h4 h6 7. h5 Bh7 8. Bd3 Bxd3 9. cxd3 Qb6 10. Be3 Qxb2 11. Nd2 Bb4 12. 0-0 Bxd2 13. Rb1 Qxa2 14. Bxd2 b6 15. Bc3 Qa6 16. f4 Ne7 17. Bb4 Nd7 18. f5 c5 19. fxe6 fxe6 20. Bc3 Rf8 21. Rxf8+ Nxf8 22. dxc5 bxc5 23. Ra1 Qc6 24. Qg4 g5 25. hxg6 Nfxg6 26. Nh5 d4 27. Nf6+ Kf7 28. Bd2 Nxe5 29. Qh5+ Kxf6 30. Qxh6+ Kf7 31. Qh7+ Ke8 32. Qh8+ Kd7 33. Qxe5 a6 34. Bg5 Qd6 35. Qf6 Rg8 36. Rxa6 Qxa6 37. Qxe7+ Kc8 38. Qxc5+ Kb7 39. Qxd4 Qc6 40. Qf6 Qc5+ 0-1